Normal view
MARC view
- Steingass, Francis.
Entry Personal Name
001 - CONTROL NUMBER
- control field: 8585
003 - CONTROL NUMBER IDENTIFIER
- control field: NUST
005 - DATE AND TIME OF LATEST TRANSACTION
- control field: 20180118103352.0
008 - FIXED-LENGTH DATA ELEMENTS
- fixed length control field: 180118|| aca||aabn | a|a d
040 ## - CATALOGING SOURCE
- Original cataloging agency: NUST
- Transcribing agency: NUST
100 ## - HEADING--PERSONAL NAME
- Personal name: Steingass, Francis.
- Dates associated with a name: 1825-1903.
670 ## - SOURCE DATA FOUND
- Source citation: Work cat.: (NUST)0: Steingass, Francis. 1825-1903., A learner's Arabic-English dictionary /, 1994.
